[Event "Tata Steel-A 78th"]
[Site "Wijk aan Zee"]
[Date "2016.01.22"]
[Round "6"]
[White "Giri, Anish"]
[Black "Mamedyarov, Shakhriyar"]
[Result "1-0"]
[WhiteElo "2798"]
[BlackElo "2747"]
[Annotator "Marin,M"]
[PlyCount "131"]
[EventDate "2016.01.16"]
[EventType "tourn"]
[EventRounds "13"]
[EventCountry "NED"]
[EventCategory "20"]
[SourceTitle "CBM 171"]
[Source "ChessBase"]
[SourceDate "2016.03.14"]
[SourceVersion "2"]
[SourceVersionDate "2016.03.14"]
[SourceQuality "1"]

1. Nf3 Nf6 2. c4 e6 3. g3 d5 4. d4 Bb4+ ({It is useful to compare the game
line with the following ones:} 4... c6 5. Bg2 Bd6 ({If} 5... Be7 6. O-O O-O 7.
Nc3 Nbd7 {White's plan indicated below does not work:} 8. Nd2 b5 $1 9. cxb5
cxb5 10. Nxb5 Qb6 {retrieving the pawn. With the bishop on d6, White would now
have Nxd6.}) 6. O-O O-O 7. Nc3 Nbd7 8. Nd2 $1 {followed by e2-e4 when the
d6-bishop would be obviously exposed. After the Bogo check, the d2-bishop will
prevent this manoeuvre.}) 5. Bd2 Bd6 $5 {I am not really sure to which ECO
chapter this rare variation belongs. By retreating with the bishop to the
exposed d6-square Black hopes to break the centre with an early ...c7-c5 or ...
e6-e5.} ({After the normal} 5... Be7 {the position belongs to the Bogo-Indian
stricly speaking, although it looks more like a Catalan, and it can actually
transpose to it after a later Bd2-f4 ...Nh5, Bc1 ...Nhf6.}) 6. Bg2 ({White
should refrain from "gaining a tempo" with} 6. c5 {which would deprive him of
any dynamic possibiloities in the centre, offering Black a clear plan of
breaking either with ...b7-b6 and ...a7-a5 or ...e6-e5.} Be7 7. Nc3 O-O 8. Bg2
Nbd7 9. b4 a5 10. a3 c6 11. O-O b6 12. Qc2 Ba6 {1/2-1/2 (17) Timoshenko,G 
(2518)-Jianu,V (2550) Mamaia 2013}) 6... O-O 7. O-O Nbd7 8. b3 {Aimed at
maintaining a maximum of flexibility but delaying the development.} ({The main
line (if there can be such a thing in an off-beat variation) goes} 8. Qc2 c6 9.
Rd1 {White has defended the c4-pawn and taken some measures against the
central breaks by placing the rook on d1. Black has two main plans.} Qe7 {
seems the soundest continuation.} ({First of all, the standard} 9... b6 $4 {
doesn't work wth the bishop on d6:} 10. cxd5 cxd5 11. Qc6 $18 {[%csl Ga8,Gd6]})
(9... Ne4 $5 {Heading for a Dutch structure.} 10. Nc3 Nxd2 (10... f5 11. e3 Qe7
12. Ne2 Nxd2 13. Rxd2 Nf6 14. Rdd1 Bd7 15. Nf4 Be8 16. a3 Ne4 17. Ne5 g5 18.
Nfd3 h5 19. b4 $14 {Topalov,V (2813)-Ponomariov,R (2727) Zuerich (rapid)2009 
(1-0, 51)}) 11. Rxd2 $5 (11. Nxd2 f5 12. c5 Bc7 13. f4 b5 {Schneider,I (2488)
-Levin,F (2504) Germany 2014 (1/2-1/2, 20)}) 11... dxc4 $5 12. Ne4 Bb4 13. Rdd1
f5 (13... b5 14. Ne5 {[%csl Gd6]}) 14. Ned2 b5 15. b3 cxb3 16. Nxb3 $44 {
[%csl Gc5,Rc6,Rc8,Ge5,Re6]}) 10. Bg5 h6 11. Bxf6 Nxf6 12. Nc3 dxc4 {Now is a
good moment to start the counterplay in the centre.} (12... b6 $6 13. e4 Nxe4
14. Nxe4 dxe4 15. Qxe4 Bd7 16. Ne5 Rfc8 17. c5 Bxe5 18. dxe5 Be8 19. Rd6 $16 {
Fridman,D (2661)-Adams,M (2682) Germany 2010 (1/2-1/2, 39)}) 13. Nd2 e5 14. d5
Bc5 15. Nde4 cxd5 16. Rxd5 Bd4 17. Nxf6+ Qxf6 18. e3 Bxc3 19. Qxc3 $44 {
Dominguez Perez,L (2736)-Kryvoruchko,Y (2697) Linares 2015 (1/2-1/2, 31).
White has full compensation for the pawn, but not more.}) 8... dxc4 $5 $146 {
Typical for Mamedyarov's creative style. Black immediately tries taking
advantage of White's slightly delayed development. The known plans tend to
fail to equalise:} (8... c6 9. Nc3 b6 (9... dxc4 10. bxc4 e5 11. e3 Re8 12. Qb3
h6 13. Bc1 Rb8 14. Bb2 exd4 15. exd4 b5 16. c5 Bc7 17. Rfe1 $16 {[%csl Gb8,Gc8]
Wojtaszek,R (2663)-Vera Gonzalez Quevedo,R (2513) Burguillos 2010 (1-0, 27)})
10. e4 Be7 (10... Nxe4 11. Nxe4 dxe4 12. Ng5 $16) 11. Re1 Bb7 12. e5 Ne8 13.
cxd5 cxd5 14. Bf1 $14 {Harikrishna,P (2684)-Vazquez Igarza,R (2554) Benasque
2012 (1/2-1/2, 43)}) (8... Ne4 9. Nc3 Nxc3 {A necessary concession. Black
exchanges the knight which has already consumed two developing tempi.} (9... f5
$6 10. Nb5 $1 Be7 11. Bf4 $16) (9... Nxd2 10. Qxd2 {[%cal Gc4d5] Since d5 is
hanging, Black has no time for ...f7-f5.} c6 11. e4 $14) 10. Bxc3 c6 11. Nd2 f5
12. b4 Nf6 13. a4 $36 {Banusz,T (2612)-Tratar,M (2476) Nova Gorica 2016 (1-0,
48)}) 9. bxc4 c5 10. e3 Qc7 {Slightly hesitating.} ({The apparently risky} 
10... b6 {looks playable.} 11. Ne5 {The critical test.} (11. a4 Bb7 12. a5 cxd4
13. exd4 Qc7 14. Qb3 e5 $132 {[%csl Gc5]}) (11. Nc3 Bb7 12. Qe2 Ne4 13. Rfd1
Rc8 14. Be1 $13 {leads to complex play with level chances.}) 11... Nxe5 12.
Bxa8 cxd4 13. exd4 Nxc4 14. Bg5 Be7 $44 {The weak d4-pawn and White's slight
delay in development (he will also have to waste a tempo on retreating with
the a8-bishop) offer Black excellent compensation for the minimal material
deficit.}) 11. Qc2 (11. Nc3 {[%cal Gc3b5] looks more logical, forcing Black to
weaken his queenside.} a6 12. Qe2 $14) 11... cxd4 12. Nxd4 $5 (12. exd4 {
doesn't cause any problems:} b6 13. Nc3 (13. Ne5 Bb7 $11) 13... Ba6 $132) 12...
a6 13. Rc1 Rd8 $2 {A curious decision, not only wasting a tempo but also
placing the rook on an exposed square. Black should have been concerned about
developing his queenside.} (13... Rb8 $5 $11) (13... Nc5 $5 $11) 14. Nb3 $1 Rb8
{Too late.} (14... Nc5 $2 15. Ba5 $18) 15. c5 $1 Be5 16. Nd4 {Black's
development has become at least problematic, but the next move makes things
even worse.} b6 $2 17. c6 $1 $16 {[%csl Gb8,Gc8]} Nf8 {Very passive.} ({But if
} 17... Nc5 18. Na3 {[%cal Ga3c4] the knight's stability on c5 is questionable.
}) 18. Nc3 Ng6 (18... Bxd4 19. exd4 Rxd4 20. Be3 Rd8 21. Bg5 h6 22. Bxf6 gxf6
23. Rd1 $18 {[%csl Gb8,Gc8]}) 19. Rab1 $3 {A simple move, completing the
development but creating a devastating threat: Nc(d)b5!} (19. Ncb5 $2 axb5 20.
Nxb5 Qe7 21. c7 Bxc7 22. Nxc7 Bb7 $11) 19... Qe7 {This loses an exchange and
the game.} ({But after a neutral move such as} 19... h6 {the usefulness of the
rook on b1 is revealed in the line} 20. Ncb5 axb5 21. Nxb5 Qe7 22. Bb4 $1 {
[%cal Gb1b4]} Qe8 23. c7 Bxc7 24. Nxc7 Qd7 25. Rd1 Nd5 26. Bxd5 exd5 27. Rxd5 {
Finally wins the queen.}) (19... b5 {doesn't help either:} 20. Ncxb5 $1 axb5
21. Nxb5 Rxb5 22. Rxb5 Re8 23. Ba5 Qa7 24. Qc5 {Material is about equal and
the c-pawn is killing.}) 20. c7 Qxc7 21. Nc6 {The rest of the game does not
require any comments. With the open files under control White has little
trouble converting his extra exchange. Mamedyarov probably played on by
inertia, not being able to admit that he got into a lost position so quickly.}
Bb7 22. Nxd8 Bxg2 23. Kxg2 Rxd8 24. Na4 Qb7+ 25. f3 b5 26. Nc5 Qa8 27. Nd3 h5
28. Ba5 Nd5 29. Qe2 Re8 30. e4 Nde7 31. Bc3 Bb8 32. Qb2 f5 33. Qb3 fxe4 34.
Qxe6+ Kh7 35. Qxe4 Qd5 36. Rb2 Qf7 37. Re2 h4 38. Qe6 Qxe6 39. Rxe6 Rd8 40. Nf2
Nf5 41. Ne4 Rd5 42. Rxa6 hxg3 43. hxg3 Bxg3 44. Rh1+ Bh4 45. Bd2 Rd4 46. Bg5
Rb4 47. Rxg6 Rb2+ 48. Kh3 Kxg6 49. Bxh4 Rxa2 50. Rg1+ Kf7 51. Bf2 Rb2 52. Kg4
g6 53. Bc5 b4 54. Nd6+ Nxd6 55. Bxd6 Ke6 56. Bf8 Kf7 57. Bd6 Ke6 58. Bb8 b3 59.
Kf4 Kf7 60. Ke3 Rc2 61. Be5 Rc5 62. f4 Rb5 63. Bb2 Rh5 64. Rg2 Rh1 65. Kf3 Rf1+
66. Kg4 1-0

[Event "Khanty-Mansiysk FIDE GP"]
[Site "Khanty-Mansiysk"]
[Date "2015.05.15"]
[Round "2"]
[White "Dominguez Perez, Leinier"]
[Black "Jakovenko, Dmitrij"]
[Result "1-0"]
[WhiteElo "2734"]
[BlackElo "2738"]
[Annotator "Marin,M"]
[PlyCount "71"]
[EventDate "2015.05.14"]
[EventType "tourn"]
[EventRounds "11"]
[EventCountry "RUS"]
[EventCategory "21"]
[SourceTitle "CBM 167"]
[Source "ChessBase"]
[SourceDate "2015.07.13"]
[SourceVersion "1"]
[SourceVersionDate "2015.07.13"]
[SourceQuality "1"]

1. d4 {[%emt 0:00:34]} Nf6 {[%emt 0:00:41]} 2. c4 {[%emt 0:00:47]} e6 {[%emt 0:
00:36]} 3. Nf3 {[%emt 0:00:58]} d5 {[%emt 0:01:04]} 4. Nc3 {[%emt 0:00:40]} c6
{[%emt 0:00:34]} 5. g3 {[%emt 0:02:58] With the Catalan Opening so popular
over the past decade, one should not wonder that White has started meeting the
Semi-Slav with the fianchetto.} dxc4 {[%emt 0:04:55]} 6. Bg2 {[%emt 0:01:40]}
Nbd7 {[%emt 0:00:38]} 7. a4 {[%emt 0:03:21] White spends a tempo and weakens
his queenside in the hope of retrieving the c4-pawn.} ({Personally I prefer
playing in gambit style with} 7. O-O Be7 8. e4 O-O 9. Bf4 {Recently I have
faced the rather cynical} Nh5 10. Be3 Nhf6 {openly playing for a draw by
repetition.} 11. a4 {With an extra tempo this makes a difference.} e5 12. d5 {
Curiously, this is a novelty. In older times, it would be the first move to
take into account.} cxd5 13. exd5 e4 (13... Ng4 14. d6 Bf6 15. Nd2 Nxe3 16.
fxe3 Bg5 17. Nxc4 $14) 14. Ng5 Nb6 15. d6 Qxd6 (15... Bxd6 16. a5 $18) 16. Qxd6
({A few moves later I had the feeling that I actually forgot my original
analysis continuing with} 16. Ngxe4 Nxe4 17. Bxe4 $36 {but in the fact I had
analyzed both lines with the same verdict: White has a dangerous initiative
for the pawn.}) 16... Bxd6 17. Ngxe4 Nxe4 18. Nxe4 Be5 (18... Bb4 19. a5 Nd5
20. Bc5 Bxc5 21. Nxc5 $14) 19. Nc3 {Due to the bishops' pressure, Black cannot
complete his queenside development easily.} Bxc3 ({After the game I found in
my initial notes the line} 19... Nd7 20. a5 a6 21. Rac1 $32 {[%cal Gc3d5]}) ({
During the game I was wondering what I should do after} 19... Be6 20. a5 Bxc3
21. axb6 Bxb2 {but apparently Black is just lost after} 22. Bxb7 Bxa1 23. Rxa1
{After the inevitable bxa7 the a-pawn will be too strong.}) 20. bxc3 Rd8 21.
Rfd1 Bg4 22. Rd4 Rxd4 23. Bxd4 Rd8 24. Bxb7 $16 {Marin,M (2603)-Dobre,C (2358)
Calimanesti Caciulata 2015 (1-0, 50)}) 7... Bb4 {[%emt 0:04:49] A natural move
- the b4-square seemed to be just asking for this move! But the bishop is
vulnerable, offering White the chance to gain time on the way of retrieving
the pawn with a later Qc2 and Na2.} ({I lost my interest for 7.a4 long time
ago, failing to find a clue to} 7... Be7 {Nowadays, things are still not
entirely clear, but the position seems to be more alive than I initially
thought.} 8. O-O O-O 9. e4 {In the past} e5 ({The modern trend is} 9... a5 10.
Qe2 b6 11. Rd1 Ba6 12. Bf4 Re8 13. Nd2 (13. h3 {is too slow.} Bb4 14. g4 Qe7
15. Be3 $6 Bxc3 16. bxc3 Nxe4 $15 {Wang,Y (2720)-Gelfand,B (2743) Beijing 2014
(1/2-1/2, 60)}) 13... Bf8 14. h3 (14. Nxc4 $5 Nd5 15. Bd2 $14) 14... Rc8 15.
Be3 e5 $132 {Wang,Y (2720)-Ponomariov,R (2714) Beijing 2014 (1/2-1/2, 44)}) 10.
dxe5 Ng4 11. Bf4 Qa5 {was the main line:} 12. e6 fxe6 13. Qe2 ({A new idea. For
} 13. e5 {see Arencibia Rodriguez,W (2505)-Dominguez Perez,L (2612) Havana
2004 CBM 101 [Ribli] (0-1, 28)}) 13... Nde5 14. Nxe5 Nxe5 15. Bxe5 Qxe5 16. Kh1
Bd7 17. f4 Qc5 18. e5 $44 {Pantsulaia,L (2595)-Kotronias,V (2564) EU-chT (Men)
19th 2013 (4.3) 1/2 White's wonderful pawn chain and his active pieces offer
him compensation in the spirit of a King's Indian line, played, for instance,
in} Rad8 19. Ne4 Qb4 20. Rfc1 Be8 21. Rxc4 {Unlike in the aforementioned line,
White managed to retrieve the pawn, but since the f6-square is not weak it is
questionable whether this really offers him an advantage.} Qb3 22. Rc3 Qb4 23.
Rc4 Qb3 24. Rc3 Qb4 25. a5 Bg6 (25... a6 $5) 26. Rc4 Qb5 27. a6 Bh5 $6 (27...
b6) 28. Qf1 $1 Qxb2 (28... b6 29. Rxc6 $1) 29. axb7 (29. Rb1 $1 Qa2 30. axb7
Be2 31. Ra4 $3 Qxa4 32. Qxe2 $36 {[%csl Gb7,Re6][%cal Gg2h3]}) 29... Be2 30.
Qc1 Qxb7 31. Rxc6 Rd1+ 32. Qxd1 Bxd1 33. Rxd1 Qxc6 (33... Qb3 $5 $15) 34. Nf6+
gxf6 35. Bxc6 $11 {Banusz,T (2582)-Dreev,A (2643) Jerusalem 2015 (1/2-1/2, 40)}
) 8. O-O {[%emt 0:00:55]} O-O {[%emt 0:00:44]} 9. Qc2 {[%emt 0:01:31]} Qe7 {
[%emt 0:07:22] Preparing ...e6-e5.} ({I have made an overview of the variation
in my notes to} 9... Qa5 {Giri,A (2720)-Caruana,F (2781) Wijk aan Zee 2013 CBM
153 [Marin,M] (1-0, 28)}) 10. a5 {[%emt 0:02:33] Creating the potential
threats a5-a6 and Ra4.} (10. Na2 {Ulibin,M (2545)-Sakaev,K (2570) Elista 1995
CBM 050 [Giese] (1/2-1/2, 31)}) 10... e5 {[%emt 0:19:04]} 11. Rd1 {[%emt 0:18:
07] White prepares d4-d5, without thinking of the c4-pawn yet.} ({The more
straightforward} 11. Ra4 {may lead to interesting complications:} exd4 (11...
Re8 12. dxe5 {[%csl Gb4]} Bxc3 13. exf6 Bxf6 14. Rxc4 Qxe2 15. Bd2 {[%cal
Gf1e1]} Qe7 16. Bb4 c5 17. Bc3 $44 {[%csl Ga8,Gc8]}) 12. Nxd4 Qc5 $6 (12... Ne5
{[%csl Gf5]} 13. a6 b5 14. Nxc6 Nxc6 15. Bxc6 bxa4 16. Bxa8 $11) 13. Be3 $6 (
13. Nf5 $36 {[%cal Gc1e3]} Nb6 14. Be3 Qxf5 15. Qxf5 Bxf5 16. Rxb4 Nfd5 17.
Nxd5 Nxd5 18. Rxb7 Nxe3 19. fxe3 $14) 13... Ng4 14. Ne4 Qh5 15. h3 Nxe3 16.
fxe3 Be7 17. Nf5 Bd8 18. g4 Qg6 19. Rd1 Kh8 20. Rd6 f6 21. Qd2 Qe8 $15 {
Manolache,M (2441)-Adla,D (2456) Ortigueira 2004 (1/2-1/2, 42)}) ({Since Black
will prevent a5-a6 with his next move, it is worth investigating} 11. a6 b5 (
11... b6 12. Na2 Bd6 13. Qxc4 $14 {[%csl Gc6]}) 12. Nxe5 Nxe5 13. dxe5 Qxe5 14.
Bxc6 Bf5 15. e4 Bh3 16. Bxa8 Bxf1 17. Bf4 Qh5 {[%csl Gb5]} 18. Rxf1 Rxa8 {
[%cal Gf6g4]} 19. f3 Qc5+ 20. Kg2 Qc6 $13) 11... a6 {[%emt 0:15:50] Frankly
speaking, I do not understand this move. Black did not need it so badly and
could have thought of developing.} ({For instance} 11... Re8 {[%cal Ge5e4]} 12.
dxe5 (12. a6 e4) (12. d5 Nc5) 12... Nxe5 13. Nxe5 Qxe5 14. a6 b6 15. Bxc6 Bf5
16. e4 Nxe4 $132 {The usefulness of the move ...Rfe8 becomes obvious now.}) 12.
d5 {[%emt 0:01:00]} Nc5 {[%emt 0:04:11]} 13. Be3 $146 {[%emt 0:00:44][%csl Rc5]
White tries to shake Black's stability on dark squares.} ({Before, the equally
principled} 13. Bg5 {was played:} Bxc3 14. bxc3 Bg4 15. h3 Bxf3 16. Bxf3 e4 17.
Bg2 Nb3 18. Ra4 cxd5 19. Rxd5 Qe6 20. Rd1 Rfe8 21. Bxf6 gxf6 22. e3 Rac8 23.
Bf1 Re7 24. Bxc4 Rxc4 25. Qxb3 Rxa4 26. Qxa4 Qxh3 27. Qb4 Rd7 28. Rxd7 Qxd7 {
Giri,A (2784)-Ivanchuk,V (2715) Wijk aan Zee 2015 ½-½, White tried in vain
for more than 70 moves to convert this symbolic advantage.}) 13... Nb3 {
[%emt 0:03:10]} ({The main alternative is} 13... Ng4 14. d6 Qe6 15. Bxc5 Bxc5
16. Ne4 Ba7 17. e3 Rd8 18. h3 Nf6 19. Nfg5 Qf5 20. Qxc4 Qg6 21. Nxf6+ gxf6 22.
Ne4 Be6 23. Qb4 f5 24. Nc5 Bxc5 25. Qxc5 e4 {White's position looks more
pleasant but I wonder if there is a way to break through.}) 14. Ra4 {[%emt 0:
00:53]} c5 $2 {[%emt 0:02:40] Too direct an attempt to stabilise the queenside,
allowing a thematic exchange sacrifice.} ({In order to understand White's
threat, a neutral move such as} 14... Re8 {should be examined:} 15. dxc6 bxc6
16. Ng5 $16 {[%csl Gc6,Gh7]}) (14... h6 {does not entirely solve the problem:}
15. Nxe5 Qxe5 16. Bf4 Nd4 (16... Qe7 17. d6 Qd8 18. Rxb4 Nxa5 19. Ra4 $44) 17.
Bxe5 (17. Qd2 Qxe2 $1) 17... Nxc2 18. dxc6 bxc6 19. Rd2 $14) ({But the
ambitious} 14... e4 {is worth considering:} 15. Ng5 Bxc3 16. d6 Qe5 17. Qxc3 (
17. bxc3 Nd5 {is similar.}) 17... Qxc3 18. bxc3 Nd5 $132) 15. d6 {[%emt 0:02:
04]} Qe8 {[%emt 0:02:06][%cal Gb3d4]} 16. Rxb4 $1 {[%emt 0:02:56] Suddenly,
Black loses the stability he had been aiming for with 14...c5.} cxb4 {[%emt 0:
00:34]} 17. Nd5 {[%emt 0:00:35]} Nxd5 {[%emt 0:14:14]} 18. Rxd5 {[%emt 0:00:40]
White is an exchange and a pawn down, but is perfectly mobilised. Black is
under-developed and his knight will soon be hanging.} Nd4 {[%emt 0:00:42]} (
18... Be6 19. Ng5 g6 20. Rxe5 Rd8 21. Rxe6 fxe6 22. Qxc4 Nxa5 23. Qc7 Rd7 24.
Qxa5 $16) (18... h6 19. Nxe5 Be6 20. d7 Qe7 21. Qxc4 Nxa5 22. Qc7 Bxd5 23. Bxd5
Qd8 24. Qc5 Nc6 25. Nxc6 bxc6 26. Bxc6 Rb8 27. Bf4 $16) (18... e4 19. Ne5 Be6
20. Bxe4 h6 (20... Bxd5 21. Bxh7+ Kh8 22. Qf5 $18) 21. d7 {transposes above.})
19. Bxd4 $2 {[%emt 0:44:27] A cuious decision.} ({White should have kept the
bishop pair and cleared the path for his Catalan bishop with:} 19. Nxd4 $1 exd4
20. Rxd4 Be6 21. Rh4 g6 22. Qd2 (22. Bxb7 $5) 22... Qd7 (22... b3 23. Bxb7 $16)
(22... Qb5 23. Bc5 $1 {[%cal Gd2h6]} f6 24. Bd5 $36) 23. Qxb4 (23. Bd4 c3 24.
bxc3 f6 25. cxb4 Qxd6) 23... Rfd8 24. Rd4 $14) 19... exd4 {[%emt 0:01:58]} 20.
Rxd4 {[%emt 0:00:36]} b3 {[%emt 0:02:09]} 21. Qxc4 {[%emt 0:09:03]} Be6 {
[%emt 0:01:10]} 22. Qd3 {[%emt 0:00:31]} Qc6 {[%emt 0:07:10] White's
compensation is already slightly questionable.} 23. Qd2 {[%emt 0:13:33]} Rac8 {
[%emt 0:00:44]} (23... Qc2 $15) 24. Ne1 {[%emt 0:01:36]} (24. d7 Rcd8 25. Ng5
Qc2 $13) 24... Qc1 {[%emt 0:08:14]} 25. f4 {[%emt 0:00:36]} Qb1 $6 {[%emt 0:12:
56] Black is decoyed by a mirage attack, which will cause him to lose his
coordination.} (25... Qxd2 26. Rxd2 Rc5 27. Bxb7 Rxa5 $13) 26. Kf2 {[%emt 0:02:
46]} Rc2 {[%emt 0:03:18]} 27. Qb4 $36 {[%emt 0:00:31]} Re8 $2 {[%emt 0:05:40]
With the hope of attacking e2.} 28. Be4 {[%emt 0:04:28]} Bg4 {[%emt 0:02:20]}
29. Nxc2 {[%emt 0:01:11]} bxc2 {[%emt 0:00:35]} 30. Qa4 $1 {[%emt 0:00:33]
[%csl Ge8] Oops, the e8-rook is hanging now.} Kf8 {[%emt 0:04:06]} 31. d7 {
[%emt 0:02:20]} Bxd7 {[%emt 0:00:31]} 32. Rxd7 {[%emt 0:04:18]} c1=Q {[%emt 0:
00:32]} 33. Qa3+ $1 {[%emt 0:00:36]} (33. Bxb1 $2 Qe3+ 34. Kg2 Qxe2+ $11) 33...
Kg8 {[%emt 0:00:33]} 34. Bxb1 {[%emt 0:00:37]} g6 {[%emt 0:00:59]} (34... Qxb1
35. Qe7 $1 Rf8 36. Rd8 $18) 35. Qb3 {[%emt 0:01:30]} Qc5+ {[%emt 0:00:36]} 36.
e3 {[%emt 0:00:57]} 1-0

[Event "Moscow Tal Memorial 4th"]
[Site "Moscow"]
[Date "2009.11.05"]
[Round "1"]
[White "Gelfand, Boris"]
[Black "Ponomariov, Ruslan"]
[Result "1/2-1/2"]
[WhiteElo "2758"]
[BlackElo "2739"]
[Annotator "Marin,M"]
[PlyCount "57"]
[EventDate "2009.11.05"]
[EventType "tourn"]
[EventRounds "9"]
[EventCountry "RUS"]
[EventCategory "21"]
[SourceTitle "CBM 133"]
[Source "ChessBase"]
[SourceDate "2009.11.19"]
[SourceVersion "1"]
[SourceVersionDate "2009.11.19"]
[SourceQuality "1"]

1. d4 e6 2. c4 Nf6 3. Nf3 d5 4. g3 Bb4+ 5. Bd2 Bd6 $5 ({The well established
continuation is} 5... Be7) 6. Bg2 c6 {Black cannot ignore the threat c5
forever.} 7. O-O Nbd7 {If Black wants to give up the centre, this is the way
to do it.} (7... O-O 8. Nc3 dxc4 $6 {can be met by} 9. e4 $1) 8. Nc3 dxc4 9.
Bg5 {Play has transposed now to lines where ...Bd6 and Bg5 have been played in
one move each.} (9. e4 {is less dangerous now because of} e5) 9... h6 10. Bxf6
Qxf6 11. Ne4 Qe7 12. Nfd2 {This thematic move neglects the development.} ({
From the point of view of general rules,} 12. Qc2 {looks more desirable.} O-O (
12... Nb6 13. Ne5 $14) 13. Nxd6 Qxd6 14. Qxc4 e5 15. Rad1 exd4 16. Nxd4 Qc5 17.
Qxc5 Nxc5 18. Rd2 a5 19. Rc1 Na6 20. Rcd1 Nc7 21. a3 a4 22. f4 g6 23. Kf2 Ne6
24. e4 $14 {Ruck,R (2561)-L'Ami,E (2577)/Crete 2007/CBM 121 (1/2, 42)}) 12...
Nb6 13. f4 $146 {Trying to stop ...e5, but if this weakening of the squares
along the e-file is necessary, something must have gone wrong earlier for
White.} (13. Rc1 O-O $6 (13... e5 $1) 14. Nxc4 Bc7 15. Qc2 Qd8 16. Rfd1 Nd5 17.
a3 $14 {Lybin,D (2425)-Volodin,V (2325)/Frydek Mistek 1996/EXT 1998 (1/2, 30)})
(13. Qc2 e5) 13... O-O 14. Qc2 c5 15. Nxc4 Nxc4 16. Qxc4 cxd4 17. Nxd6 Qxd6 18.
Rad1 e5 $11 {[%cal Gc8e6]} 19. fxe5 Qxe5 20. Qxd4 Qxd4+ 21. Rxd4 Be6 22. Bxb7
Rab8 23. Bd5 Bxd5 24. Rxd5 Rxb2 25. Ra5 Re8 26. Rxa7 Rexe2 27. Rfxf7 Re1+ 28.
Rf1 Ree2 29. Rff7 1/2-1/2